| 000 | 00643nam a2200193 4500 | ||
|---|---|---|---|
| 001 | 118845 | ||
| 003 | ES-MaACL | ||
| 005 | 20251120063140.0 | ||
| 007 | t| | ||
| 008 | 070214s1973 sp r ||||1| spa d | ||
| 100 | 1 |
_aPérez Casado, Ricard, _d1945- _990714 |
|
| 245 | 1 | 4 |
_aLos precios del suelo en el país valenciano / _cpor Ricardo Pérez Casado y Jaume Avellá Roig. |
| 260 |
_aValencia : _bBanco Industrial de Cataluña, _c1973. |
||
| 300 |
_a168 p. ; _c24 cm. |
||
| 700 | 1 |
_aAvellá Roig, Jaume. _924004 |
|
| 710 | 2 |
_aBanco Industrial de Cataluña. _92133 |
|
| 852 |
_aES-MaACL _jC-55082 _bR.87787 |
||
| 999 |
_c118845 _d118845 |
||